Riziko pri realizovaní daňovej povinnosti podniku v prípade neobvyklých nákladov
Náklady za vykonaný prieskum trhu. Náklady vynaložené na elektronické zabezpečovacie systémy. Náklady na ekologický audit v rámci podniku. Náklady na personálny audit.
Salvato in:
| Autore principale: | |
|---|---|
| Natura: | Capitolo di libro |
| Lingua: | slovacco |
| Soggetti: | |
| Tags: |
Nessun Tag, puoi essere il primo ad aggiungerne!!
|
MARC
| LEADER | 00000naa$a2200000$$$4500 | ||
|---|---|---|---|
| 001 | 0181107 | ||
| 005 | 20240502073112.7 | ||
| 041 | 0 | |a slo | |
| 044 | |a SK | ||
| 245 | 1 | 0 | |a Riziko pri realizovaní daňovej povinnosti podniku v prípade neobvyklých nákladov |c Katarína Vavrová |
| 520 | |a Náklady za vykonaný prieskum trhu. Náklady vynaložené na elektronické zabezpečovacie systémy. Náklady na ekologický audit v rámci podniku. Náklady na personálny audit. | ||
| 610 | 2 | 0 | |a náklady |
| 610 | 2 | 0 | |a dane |
| 610 | 2 | 0 | |a výdavky daňové |
| 610 | 2 | 0 | |a prieskum trhu |
| 610 | 2 | 0 | |a audit |
| 610 | 2 | 0 | |a systémy bezpečnostné |
| 100 | 1 | |a Vavrová, Katarína, 1960- | |